Monumenti dell'Egitto e della Nubia /

محفوظ في:

المؤلف الرئيسي: Rosellini, Ippolito,‏ 1800-1843. (مؤلف)

التنسيق: كتاب

اللغة: Italian
French

سلاسل: Collection des classiques Égyptologiques.

الموضوعات:

الوصول للمادة أونلاين: Login to view Source Login to view Source Login to view Source Login to view Source Login to view Source Login to view Source Login to view Source Login to view Source Login to view Source Login to view Source Login to view Source Login to view Source

الوسوم: إضافة وسم

لا توجد وسوم, كن أول من يضع وسما على هذه التسجيلة!

رقم الطلب: DT60 .R82 v.1-3

LEADER 02572namaa2200505 4500
001 11404
003 OSt
005 20210427150117.0
008 130303s1977 sz g 000 0 ita d
952 |0 0  |1 0  |2 lcc  |3 V.1-3  |4 0  |6 DT0060 R82 V.00001-00003  |7 1  |9 12045  |a ARCE  |b ARCE  |d 2021-04-27  |l 0  |o DT60 .R82 v.1-3  |p 1014600  |r 2021-04-27 00:00:00  |w 2021-04-27  |y BK | EBK 
999 |c 11224  |d 11224 
015 |a Sw77-5923 
040 |c ARCE Library 
041 0 |a ita  |a fre 
043 |a f-ua---  |a f-sj--- 
050 0 4 |a DT60 .R82 v.1-3 
100 1 |a Rosellini, Ippolito,‏  |d 1800-1843.  |e author  |9 38668 
245 1 0 |a Monumenti dell'Egitto e della Nubia /  |c Hippolito Rosellini. 
264 1 |a Genève :  |b Editions de Belleslettres,  |c 1977. 
300 |a 3 volumes :  |b illustrations ;  |c 30 cm. 
336 |a text  |b txt  |2 rdacontent 
337 |a unmediated  |b n  |2 rdamedia 
338 |a volume  |b nc  |2 rdacarrier 
490 0 |a Collection des classiques égyptologiques. 
500 |a Introduction in French. 
500 |a Reprint of the three volume atlas of the author's "Monumenti" published by N. Capurro, Pisa, 1832-44. 
505 0 |g volume 1.  |t Monumenti storici --  |g volume 2.  |t Monumenti civili --  |g volume 3.  |t Monumenti del culto. 
583 |a GETTY PROJECT,  |c 2005. 
651 0 |a Egypt  |x Antiquities. 
651 0 |a Nubia  |x Antiquities. 
830 0 |a Collection des classiques Égyptologiques. 
856 4 0 |3 v.I.I  |u https://digi.ub.uni-heidelberg.de/diglit/rosellini1832bd1_1/0001/image 
856 4 0 |3 v.I.II  |u https://digi.ub.uni-heidelberg.de/diglit/rosellini1833bd1_2/0001/image 
856 4 0 |3 v.I.III.1  |u https://digi.ub.uni-heidelberg.de/diglit/rosellini1838bd1_3_1/0001/image 
856 4 0 |3 v.I.III.2  |u https://digi.ub.uni-heidelberg.de/diglit/rosellini1839bd1_3_2/0001/image 
856 4 0 |3 v.I.IV  |u https://digi.ub.uni-heidelberg.de/diglit/rosellini1841bd1_4/0001/image 
856 4 0 |3 v.II.I  |u https://digi.ub.uni-heidelberg.de/diglit/rosellini1834bd2_1/0001/image 
856 4 0 |3 v.II.II  |u https://digi.ub.uni-heidelberg.de/diglit/rosellini1834bd2_2/0001/image 
856 4 0 |3 v.II.III  |u https://digi.ub.uni-heidelberg.de/diglit/rosellini1836bd2_3/0003/image 
856 4 0 |3 v.III.I   |u https://digi.ub.uni-heidelberg.de/diglit/rosellini1844bd3_1/0002/image 
856 4 0 |3 v.IV.I   |u https://digi.ub.uni-heidelberg.de/diglit/rosellini1832bd4_1/0002/image 
856 4 0 |3 v.IV.II  |u https://digi.ub.uni-heidelberg.de/diglit/rosellini1834bd4_2/0002/image 
856 4 0 |3 v.IV.III  |u https://digi.ub.uni-heidelberg.de/diglit/rosellini1844bd4_3/0002/image 
901 |a reviewed 
942 |c BK  |c EBK  |2 lcc